[Event "448. Wednesday (05.08.2020)"]
[Site "Official B"]
[Date "2020.08.05"]
[Round "1"]
[White "Jhhonnyy"]
[Black "Martin Reiß"]
[Result "1-0"]
[WhiteElo "2157"]
[BlackElo "1754"]
[Annotator "RC"]
[PlyCount "25"]
[EventDate "2020.08.05"]
[EventType "swiss (blitz)"]

1. d4 {[%emt 0:00:01]} c6 {[%emt 0:00:01]} 2. c4 {[%emt 0:00:01]} d5 {[%emt 0:00:00]} 3. Nf3 {[%emt 0:00:01]} Bg4 {[%emt 0:00:02]} 4. Nbd2 {[%emt 0:00:03]} Nf6 {[%emt 0:00:03]} 5. Ne5 {[%emt 0:00:01]} e6 {[%emt 0:00:03]} 6. Nxg4 {[%emt 0:00:02]} Nxg4 {[%emt 0:00:01]} 7. e4 {[%emt 0:00:01]} Nf6 {[%emt 0:00:00]} 8. e5 {[%emt 0:00:01]} Nfd7 {[%emt 0:00:01]} 9. Bd3 {[%emt 0:00:02]} Bb4 {[%emt 0:00:01]} 10. O-O {[%emt 0:00:02]} Bxd2 {[%emt 0:00:01]} 11. Bxd2 {[%emt 0:00:03]} O-O {[%emt 0:00:00]} 12. Qh5 {[%emt 0:00:04]} dxc4 {[%emt 0:00:00]} 13. Qxh7# {[%emt 0:00:02] (Lag: Av=0.33s, max=0.4s)} 1-0

[Event "448. Wednesday (05.08.2020)"]
[Site "Official B"]
[Date "2020.08.05"]
[Round "1"]
[White "LangesNasenhaar"]
[Black "Reingames"]
[Result "1-0"]
[WhiteElo "2157"]
[BlackElo "1704"]
[Annotator "TA"]
[PlyCount "55"]
[EventDate "2020.08.05"]
[EventType "swiss (blitz)"]

{[%evp 16,55,87,75,82,80,80,64,95,99,90,75,228,241,202,-5,16,-33,-5,-11,25,17,327,112,117,121,114,118,144,143,208,208,203,192,224,223,280,255,364,289,682,678]} 1. d4 d5 2. Nf3 e6 3. g3 c5 4. Bg2 Nc6 5. O-O Nf6 6. c4 cxd4 7. Nxd4 Nxd4 8. Qxd4 Be7 9. Nc3 dxc4 {E01: Catalan: Early deviations.} 10. Qxc4 O-O 11. Rd1 Qb6 {White is slightly better.} 12. Be3 Qxb2 {[#]} 13. Rab1 $146 ({Predecessor:} 13. Nb5 a6 14. Nc7 b5 15. Qb3 Qxb3 16. axb3 Rb8 17. Ba7 Rb7 18. Bxb7 Bxb7 19. Nxa6 {1-0 (26) Leutwyler,M (2145)-Taksrud,V (1979) Helsingor 2016}) 13... Qa3 $2 {[#]} (13... Qc2 $16 {keeps fighting.}) 14. Rb3 $18 ({And not} 14. Bxb7 Bxb7 15. Rxb7 Rac8 $11) 14... Qa5 15. Nb5 $2 ({Weaker is} 15. Bxb7 Bxb7 16. Rxb7 Rac8 $11) (15. Rb5 $18 Qa3 16. Bc1 (16. Bxb7 Bxb7 17. Rxb7 Rac8 $11)) 15... Bd7 16. Nc7 b5 17. Nxb5 Rfc8 (17... Nd5 $5) 18. Qd3 $36 {[%mdl 2048] White has good play.} Bxb5 $4 {[%mdl 8192] [#]} (18... Rab8 $11 {and Black is okay.} 19. Nxa7 Rxb3 20. Qxb3 Rc3) 19. Qxb5 $2 (19. Rxb5 $18 {and the rest is easy.} Qxa2 20. Bxa8 Rxa8 21. Rdb1) 19... Qxb5 $16 20. Rxb5 a6 21. Ra5 Rab8 22. Rxa6 Rd8 (22... Rc2 $16 23. Bf4 Rbc8) 23. Rxd8+ $18 Rxd8 24. Bc6 h6 25. Kg2 Ng4 26. Bb6 Rd2 (26... Rc8 $142) 27. a4 Rxe2 $2 (27... g5 28. Bb5 Nf6) 28. Bf3 {[%mdl 64] Double Attack. Accuracy: White = 59%, Black = 21%.} 1-0

[Event "448. Wednesday (05.08.2020)"]
[Site "Official B"]
[Date "2020.08.05"]
[Round "1"]
[White "Klausen"]
[Black "AmberKnight"]
[Result "1-0"]
[WhiteElo "1967"]
[BlackElo "1700"]
[Annotator "TA"]
[PlyCount "117"]
[EventDate "2020.08.05"]
[EventType "swiss (blitz)"]

{[%evp 12,117,25,17,36,35,40,41,41,40,56,63,79,33,47,10,10,11,29,15,11,0,49,57,79,65,79,66,89,54,177,22,32,5,27,29,23,11,148,149,145,130,119,107,102,93,93,35,32,36,60,43,66,12,60,61,150,154,228,228,228,228,356,235,721,675,600,319,811,810,706,650,1731,347,347,347,6297,6094,6053,4627,6045,5583,6045,6045,6038,6012,5827,5264,29981,29982,29982,0,29984,29985,29985,29986,29986,29987,29987,29988,29988,29989,29989,29989,29989,29990,29990,29990]} 1. Nf3 d5 2. d4 Nf6 3. c4 e6 4. Nc3 dxc4 5. e3 c5 6. Bxc4 cxd4 7. exd4 Bb4 {D26: Queen's Gambit Accepted: 4 e3 e6 5 Bxc5 c5 sidelines.} 8. O-O O-O 9. Qe2 Nc6 {White is slightly better.} 10. Rd1 Bxc3 11. bxc3 {[#]} Qc7 $146 ({Predecessor:} 11... Qa5 12. Rb1 a6 13. Bd3 h6 14. c4 Re8 15. Bd2 Qh5 16. Bc3 Rb8 17. a4 Bd7 {1-0 (43) Piscicelli,D (2320)-Dubal,J Mar del Plata 1995}) 12. Bb2 b6 13. a4 Bb7 14. Bd3 Rfd8 15. Rac1 Rac8 16. c4 Na5 17. Ne5 Nb3 18. Rb1 h6 19. Bc3 $36 {[%mdl 2048] White has the initiative.} Na5 20. h3 Nd7 {[#]} (20... Nc6 $14) 21. Bxa5 $2 (21. d5 $1 $18 exd5 22. Nxd7 (22. Nxf7 Kxf7 23. Bf5 Nf8 $14) 22... Qxd7 23. Qe5) 21... Nxe5 $11 22. Qxe5 (22. Bxb6 $5 axb6 23. dxe5 $11 (23. Qxe5 Qxe5 24. dxe5 Rxd3 $11 {[%mdl 64] Remove Defender})) 22... bxa5 (22... Qxe5 {is more complex.} 23. dxe5 Rxd3 24. Rxd3 Be4 25. Rbb3 Bxd3 26. Rxd3 bxa5 27. Rd4 Kf8) 23. Qxc7 Rxc7 24. Rb5 Rxd4 {[#]} (24... Kf8 $11) 25. Bh7+ $1 $16 {[%mdl 576] Discovered Attack} Kxh7 26. Rxd4 {[%mdl 4096] Endgame KRR-KRB} Ba6 27. Rxa5 Bxc4 28. Re5 Bd5 29. Re3 (29. Rd1 $16) 29... Rc1+ $1 $14 30. Kh2 Ra1 31. f3 Ra2 32. Kg3 ({White should play} 32. Rdd3 $14) 32... Kg6 33. Rc3 h5 {Black is now going downhill.} ({Black should try} 33... f5 $1 $14) 34. h4 $16 f5 (34... a5 $16 35. Rc5 f5 36. Rxa5 Kf6) 35. Rc7 $18 a5 36. Ra7 Bb3 (36... Kf6 $142 37. Rxa5 g6) 37. Rxa5 e5 $2 (37... Bd5 38. Rb5 Kf6) 38. Rd6+ Kh7 39. Ra7 Rxa4 $2 (39... f4+ 40. Kh2 e4) 40. Rxa4 Bxa4 {KR-KB} 41. Rd5 e4 42. Rxf5 $2 (42. fxe4 fxe4 43. Rxh5+ Kg8 44. Rc5) 42... exf3 43. Kxf3 g6 $2 (43... Bc6+ 44. Kg3 g6) 44. Rf7+ Kh6 45. Rc7 Bb5 46. Kf4 Bf1 47. g3 Bh3 48. Rc6 Bf5 49. Rc5 Kg7 50. Rxf5 gxf5 51. Kxf5 $2 {KPP-KP} (51. Kg5 {mates} Kf7 52. Kxf5 Ke7 53. Kg5 Ke6 54. Kxh5 Kd5 55. g4 Ke6 56. Kg5) 51... Kh7 $2 {[%mdl 8192]} (51... Kh6 $11 52. Kf6 Kh7) 52. Kg5 {White mates.} Kg7 53. Kxh5 {KP-KP} Kh7 54. Kg5 Kg7 55. h5 Kh7 56. h6 Kh8 57. Kh5 Kh7 58. g4 Kh8 59. g5 {Accuracy: White = 64%, Black = 48%.} 1-0

[Event "448. Wednesday (05.08.2020)"]
[Site "Official B"]
[Date "2020.08.05"]
[Round "1"]
[White "Gaurav306"]
[Black "KDK"]
[Result "1-0"]
[WhiteElo "1945"]
[BlackElo "1612"]
[Annotator "NA RC"]
[PlyCount "57"]
[EventDate "2020.08.05"]
[EventType "swiss (blitz)"]

1. e4 {[%emt 0:00:02]} e5 {[%emt 0:00:02]} 2. Nf3 {[%emt 0:00:01]} Nc6 {[%emt 0:00:02]} 3. Bc4 {[%emt 0:00:04]} Bc5 {[%emt 0:00:01]} 4. O-O {[%emt 0:00:02]} Nf6 {[%emt 0:00:04]} 5. d4 {[%emt 0:00:01]} Bd6 {[%emt 0:00:13]} 6. dxe5 {[%emt 0:00:13]} Nxe5 {[%emt 0:00:02]} 7. Nxe5 {[%emt 0:00:04]} Bxe5 {[%emt 0:00:01]} 8. Bxf7+ {[%emt 0:00:03]} Kxf7 {[%emt 0:00:07]} 9. f4 {[%emt 0:00:03]} Bd6 {[%emt 0:00:07]} 10. e5 {[%emt 0:00:02]} Bc5+ {[%emt 0:00:01]} 11. Kh1 {[%emt 0:00:01]} Re8 {[%emt 0:00:11]} 12. exf6 {[%emt 0:00:02]} Qxf6 {[%emt 0:00:02]} 13. Qh5+ {[%emt 0:00:04]} g6 {[%emt 0:00:18]} 14. Qxc5 {[%emt 0:00:02]} c6 {[%emt 0:00:02]} 15. Nc3 {[%emt 0:00:05]} d5 {[%emt 0:00:03]} 16. Be3 {[%emt 0:00:10]} Qh4 {[%emt 0:00:19]} 17. Rae1 {[%emt 0:00:12]} Bf5 {[%emt 0:00:08]} 18. Ne2 {[%emt 0:00:51]} Be4 {[%emt 0:00:18]} 19. Ng3 {[%emt 0:00:02]} Re6 {[%emt 0:00:10]} 20. f5 {[%emt 0:00:08]} Bxf5 {[%emt 0:00:27]} 21. Nxf5 {[%emt 0:00:05]} gxf5 {[%emt 0:00:01]} 22. Rxf5+ {[%emt 0:00:00]} Kg6 {[%emt 0:00:08]} 23. Ref1 {[%emt 0:00:14]} Rae8 {[%emt 0:00:12]} 24. Rg5+ {[%emt 0:00:03]} Qxg5 {[%emt 0:00:19]} 25. Bxg5 {[%emt 0:00:00]} Kxg5 {[%emt 0:00:01]} 26. Qf2 {[%emt 0:00:06]} h5 {[%emt 0:00:18]} 27. Qf7 {[%emt 0:00:28]} Re1 {[%emt 0:00:10]} 28. Qf6+ {[%emt 0:00:05]} Kg4 {[%emt 0:00:03]} 29. Qf4# {[%emt 0:00:04] (Lag: Av=0.70s, max=1.0s)} 1-0

[Event "448. Wednesday (05.08.2020)"]
[Site "Official B"]
[Date "2020.08.05"]
[Round "1"]
[White "Károly Lajosné"]
[Black "Black Pianist"]
[Result "1-0"]
[WhiteElo "1935"]
[BlackElo "2028"]
[Annotator "TA"]
[PlyCount "133"]
[EventDate "2020.08.05"]
[EventType "swiss (blitz)"]

{[%evp 10,133,0,8,35,11,16,10,15,0,17,-14,-18,-14,-15,-8,0,-24,-21,-15,0,0,0,0,0,-30,5,0,-11,-17,126,140,205,13,7,20,0,-8,-8,0,0,0,25,25,27,0,0,0,0,0,0,-21,-27,-26,-8,-22,-4,-13,0,0,0,0,0,0,0,0,0,0,0,0,0,0,0,0,0,0,0,0,0,0,0,0,0,0,0,0,0,0,0,0,0,0,0,0,0,0,0,0,0,0,0,0,124,8,943,8,29978,29979,29979,29977,29982,29983,29983,29984,29984,29985,29988,29989,29989,29990,29990,29991,29991,29992,29992,29993]} 1. d4 d5 2. Nf3 Nf6 3. Bf4 e6 4. e3 Bd6 5. Bd3 Bxf4 6. exf4 c5 {D02: 1 d4 d5 2 Nf3 sidelines, including 2...Nf6 3 g3 and 2...Nf6 3 Bf4.} 7. c3 b6 8. Nbd2 {[#]} a5 $146 {The position is equal.} ({Predecessor:} 8... O-O 9. O-O Ba6 10. Bxa6 Nxa6 11. Ne5 Nc7 12. Qf3 Nb5 13. dxc5 bxc5 14. f5 exf5 15. Qxf5 {½-½ (53) Baron,T (2557)-Rodshtein,M (2698) Biel 2016}) 9. a4 Ba6 10. Qe2 Bxd3 11. Qxd3 O-O 12. O-O Qc7 13. g3 Nc6 14. Rfe1 cxd4 15. Nxd4 Nxd4 16. Qxd4 Qc5 17. Nf3 {[%cal Bd2f3,Bf3e5,Be5c6][%mdl 32]} Rfb8 18. Red1 Ne4 19. Ne5 Ra7 (19... Rd8 $11) 20. f3 $16 Qxd4+ (20... Nd6 $16) 21. Rxd4 $2 (21. cxd4 $18 {Threatens to win with Nc6.} Nd6 22. Nc6 {[%mdl 64] Double Attack}) 21... Nc5 $11 22. Nc6 {[%mdl 64] [#] Double Attack} Nb3 23. Nxa7 {Black must now prevent Ra3.} Nxa1 {[%mdl 4096] Endgame KRN-KRN} 24. Nc6 Rb7 25. Rd1 Nc2 26. Kf2 Rc7 27. Nd4 (27. Ne5 {looks sharper.} f6 28. Nd3 d4 29. Rc1 Ne3 30. Ke2) 27... Nxd4 28. Rxd4 {KR-KR} Kf8 29. g4 Ke7 30. Ke3 Kd6 31. h4 Kc5 32. h5 h6 33. Kd3 Rb7 34. Kc2 b5 35. axb5 Rxb5 36. Ra4 Kb6 37. b4 axb4 38. cxb4 Kb7 39. Kc3 Rb6 40. Kd4 f6 41. f5 exf5 42. Kxd5 fxg4 43. fxg4 Rb5+ 44. Ke4 Kc6 45. Ra6+ Kc7 46. Ra7+ Kd6 47. Rxg7 Ke6 48. Rg6 (48. Kf3 {seems wilder.} Rxb4 49. Rh7 Rb3+ 50. Kf4 Rb4+ 51. Kf3) 48... Rxb4+ 49. Kf3 Rb3+ 50. Kf4 Rb4+ 51. Kf3 Rb3+ 52. Kf4 Rb4+ 53. Kg3 Rb3+ 54. Kh4 Ke5 55. Rxh6 Rb4 {[#]} (55... Rb1 $11) 56. Rg6 (56. Rh8 $1 $16 {[%cal Rh8e8]} Ke6 57. Rf8) 56... f5 $2 {[%mdl 8192]} (56... Rb2 $11) 57. Rg5 $2 (57. h6 $18 Rb1 58. Kg5) 57... Ke6 $2 {[%mdl 8192]} (57... Rxg4+ $11 58. Rxg4 fxg4) 58. Rxf5 {White mates.} Rb1 59. Kg5 Rh1 60. h6 Rh2 61. Kg6 Rh4 62. Rf6+ Ke7 63. g5 Rh1 64. h7 Rh2 65. Kg7 Rh3 66. h8=Q Rxh8 67. Kxh8 {Accuracy: White = 84%, Black = 77%.} 1-0

[Event "448. Wednesday (05.08.2020)"]
[Site "Official B"]
[Date "2020.08.05"]
[Round "1"]
[White "Hängepartie"]
[Black "Scharmacher"]
[Result "1-0"]
[WhiteElo "1890"]
[BlackElo "1400"]
[Annotator "NA RC"]
[PlyCount "35"]
[EventDate "2020.08.05"]
[EventType "swiss (blitz)"]

1. e4 {[%emt 0:00:06]} e6 {[%emt 0:00:02]} 2. d4 {[%emt 0:00:02]} d5 {[%emt 0:00:01]} 3. Nc3 {[%emt 0:00:01]} c5 {[%emt 0:00:04]} 4. dxc5 {[%emt 0:00:05]} Bxc5 {[%emt 0:00:03]} 5. Bf4 {[%emt 0:00:05]} a6 {[%emt 0:00:05]} 6. Nf3 {[%emt 0:00:02]} Nf6 {[%emt 0:00:03]} 7. Bd3 {[%emt 0:00:05]} dxe4 {[%emt 0:00:03]} 8. Nxe4 {[%emt 0:00:02]} Nbd7 {[%emt 0:00:04]} 9. O-O {[%emt 0:00:02]} b6 {[%emt 0:00:04]} 10. Qe2 {[%emt 0:00:07]} Bb7 {[%emt 0:00:03]} 11. Rad1 {[%emt 0:00:01]} Qc7 {[%emt 0:00:02]} 12. Bxc7 {[%emt 0:00:03]} O-O {[%emt 0:00:04]} 13. Nxc5 {[%emt 0:00:03]} Nxc5 {[%emt 0:00:02]} 14. Bxb6 {[%emt 0:00:02]} Nxd3 {[%emt 0:00:03]} 15. Rxd3 {[%emt 0:00:01]} Bd5 {[%emt 0:00:04]} 16. Rxd5 {[%emt 0:00:02]} Nxd5 {[%emt 0:00:02]} 17. Bd4 {[%emt 0:00:02]} f6 {[%emt 0:00:02]} 18. Qxe6+ {[%emt 0:00:02] Scharmacher gibt auf (Lag: Av=0.51s, max=1.4s)} 1-0

[Event "448. Wednesday (05.08.2020)"]
[Site "Official B"]
[Date "2020.08.05"]
[Round "1"]
[White "action26"]
[Black "Vhêne"]
[Result "1-0"]
[WhiteElo "1885"]
[BlackElo "1481"]
[Annotator "NA RC"]
[PlyCount "51"]
[EventDate "2020.08.05"]
[EventType "swiss (blitz)"]

1. d4 {[%emt 0:00:03]} g6 {[%emt 0:00:01]} 2. e4 {[%emt 0:00:02]} Bg7 {[%emt 0:00:00]} 3. Nc3 {[%emt 0:00:02]} c5 {[%emt 0:00:01]} 4. Nge2 {[%emt 0:00:02]} d6 {[%emt 0:00:02]} 5. g3 {[%emt 0:00:02]} Qa5 {[%emt 0:00:03]} 6. Bg2 {[%emt 0:00:04]} Nf6 {[%emt 0:00:02]} 7. O-O {[%emt 0:00:03]} O-O {[%emt 0:00:02]} 8. Bd2 {[%emt 0:00:04]} Bg4 {[%emt 0:00:03]} 9. d5 {[%emt 0:00:04]} Nbd7 {[%emt 0:00:11]} 10. a4 {[%emt 0:00:03]} a6 {[%emt 0:00:02]} 11. h3 {[%emt 0:00:03]} Bxe2 {[%emt 0:00:04]} 12. Qxe2 {[%emt 0:00:01]} Qd8 {[%emt 0:00:03]} 13. Rad1 {[%emt 0:00:03]} Ne5 {[%emt 0:00:02]} 14. f4 {[%emt 0:00:03]} Ned7 {[%emt 0:00:04]} 15. e5 {[%emt 0:00:03]} dxe5 {[%emt 0:00:02]} 16. fxe5 {[%emt 0:00:00]} Ne8 {[%emt 0:00:05]} 17. e6 {[%emt 0:00:03]} fxe6 {[%emt 0:00:05]} 18. dxe6 {[%emt 0:00:00]} Ndf6 {[%emt 0:00:04]} 19. Bxb7 {[%emt 0:00:12]} Rb8 {[%emt 0:00:02]} 20. Bf4 {[%emt 0:00:04]} Rxb7 {[%emt 0:00:04]} 21. Rxd8 {[%emt 0:00:02]} Rxb2 {[%emt 0:00:06]} 22. Be5 {[%emt 0:00:06]} Rb6 {[%emt 0:00:17]} 23. Bxf6 {[%emt 0:00:03]} exf6 {[%emt 0:00:02]} 24. Nd5 {[%emt 0:00:04]} Rd6 {[%emt 0:00:09]} 25. e7 {[%emt 0:00:04]} Rf7 {[%emt 0:00:02]} 26. Rxe8+ {[%emt 0:00:04] Vhêne abandonne (Lag: Av=0.67s, max=0.9s)} 1-0

[Event "448. Wednesday (05.08.2020)"]
[Site "Official B"]
[Date "2020.08.05"]
[Round "1"]
[White "B1b"]
[Black "Belmonte"]
[Result "1-0"]
[WhiteElo "1855"]
[BlackElo "1385"]
[Annotator "NA RC"]
[PlyCount "59"]
[EventDate "2020.08.05"]
[EventType "swiss (blitz)"]

1. e4 {[%emt 0:00:08]} c5 {[%emt 0:00:01]} 2. Nf3 {[%emt 0:00:02]} d6 {[%emt 0:00:01]} 3. d4 {[%emt 0:00:04]} cxd4 {[%emt 0:00:01]} 4. Nxd4 {[%emt 0:00:01]} Nc6 {[%emt 0:00:01]} 5. Nxc6 {[%emt 0:00:03]} bxc6 {[%emt 0:00:01]} 6. Nc3 {[%emt 0:00:00]} g6 {[%emt 0:00:01]} 7. Be3 {[%emt 0:00:05]} Bg7 {[%emt 0:00:01]} 8. Bd4 {[%emt 0:00:02]} Nf6 {[%emt 0:00:04]} 9. Bd3 {[%emt 0:00:05]} O-O {[%emt 0:00:02]} 10. O-O {[%emt 0:00:02]} Bd7 {[%emt 0:00:02]} 11. f4 {[%emt 0:00:04]} e5 {[%emt 0:00:10]} 12. fxe5 {[%emt 0:00:06]} dxe5 {[%emt 0:00:01]} 13. Bxe5 {[%emt 0:00:02]} Re8 {[%emt 0:00:03]} 14. Bxf6 {[%emt 0:00:12]} Bxf6 {[%emt 0:00:02]} 15. Qf3 {[%emt 0:00:03]} Bd4+ {[%emt 0:00:27]} 16. Kh1 {[%emt 0:00:03]} Re7 {[%emt 0:00:21]} 17. Bc4 {[%emt 0:00:10]} Be6 {[%emt 0:00:15]} 18. Bxe6 {[%emt 0:00:04]} fxe6 {[%emt 0:00:03]} 19. Rad1 {[%emt 0:00:02]} e5 {[%emt 0:00:14]} 20. Ne2 {[%emt 0:00:08]} Qf8 {[%emt 0:00:25]} 21. Qb3+ {[%emt 0:00:19]} Rf7 {[%emt 0:00:09]} 22. Nxd4 {[%emt 0:00:10]} exd4 {[%emt 0:00:06]} 23. Rxd4 {[%emt 0:00:07]} Kh8 {[%emt 0:00:06]} 24. Qxf7 {[%emt 0:00:06]} Qc5 {[%emt 0:00:20]} 25. Qf6+ {[%emt 0:00:07]} Kg8 {[%emt 0:00:03]} 26. Rd8+ {[%emt 0:00:02]} Rxd8 {[%emt 0:00:02]} 27. Qxd8+ {[%emt 0:00:01]} Kg7 {[%emt 0:00:01]} 28. Qf6+ {[%emt 0:00:06]} Kh6 {[%emt 0:00:02]} 29. Qf8+ {[%emt 0:00:02]} Qxf8 {[%emt 0:00:04]} 30. Rxf8 {[%emt 0:00:00] Belmonte gibt auf (Lag: Av=0.55s, max=0.7s)} 1-0

[Event "448. Wednesday (05.08.2020)"]
[Site "Official B"]
[Date "2020.08.05"]
[Round "1"]
[White "Tobilino"]
[Black "Ciberrocker"]
[Result "1-0"]
[WhiteElo "1834"]
[BlackElo "1542"]
[Annotator "NA RC"]
[PlyCount "75"]
[EventDate "2020.08.05"]
[EventType "swiss (blitz)"]

1. e4 {[%emt 0:00:02]} e5 {[%emt 0:00:01]} 2. Nf3 {[%emt 0:00:01]} Bc5 {[%emt 0:00:01]} 3. Bc4 {[%emt 0:00:03]} d6 {[%emt 0:00:01]} 4. O-O {[%emt 0:00:02]} Bg4 {[%emt 0:00:01]} 5. c3 {[%emt 0:00:01]} Qf6 {[%emt 0:00:01]} 6. d3 {[%emt 0:00:06]} c6 {[%emt 0:00:03]} 7. Nbd2 {[%emt 0:00:02]} a5 {[%emt 0:00:01]} 8. a4 {[%emt 0:00:05]} Ne7 {[%emt 0:00:01]} 9. Qb3 {[%emt 0:00:08]} b6 {[%emt 0:00:09]} 10. Re1 {[%emt 0:00:18]} O-O {[%emt 0:00:03]} 11. h3 {[%emt 0:00:15]} Bd7 {[%emt 0:00:04]} 12. d4 {[%emt 0:00:09]} exd4 {[%emt 0:00:02]} 13. cxd4 {[%emt 0:00:01]} Bxd4 {[%emt 0:00:01]} 14. Nxd4 {[%emt 0:00:01]} Qxd4 {[%emt 0:00:01]} 15. Nf3 {[%emt 0:00:00]} Qf6 {[%emt 0:00:02]} 16. Bg5 {[%emt 0:00:11]} Qg6 {[%emt 0:00:04]} 17. Bxe7 {[%emt 0:00:01]} Bxh3 {[%emt 0:00:01]} 18. g3 {[%emt 0:00:01]} Re8 {[%emt 0:00:02]} 19. Bxd6 {[%emt 0:00:25]} Nd7 {[%emt 0:00:13]} 20. e5 {[%emt 0:00:10]} Bg4 {[%emt 0:00:11]} 21. Re3 {[%emt 0:00:27]} Qh5 {[%emt 0:00:23]} 22. Rae1 {[%emt 0:00:08]} h6 {[%emt 0:00:02]} 23. Nd4 {[%emt 0:00:28]} c5 {[%emt 0:00:27]} 24. Nb5 {[%emt 0:00:18]} Rac8 {[%emt 0:00:28]} 25. Nc7 {[%emt 0:00:05]} Red8 {[%emt 0:00:13]} 26. Nd5 {[%emt 0:00:03]} Ra8 {[%emt 0:00:06]} 27. Nf4 {[%emt 0:00:02]} Qg5 {[%emt 0:00:03]} 28. Bxf7+ {[%emt 0:00:01]} Kh8 {[%emt 0:00:02]} 29. e6 {[%emt 0:00:18]} Nf6 {[%emt 0:00:06]} 30. Be7 {[%emt 0:00:09]} Rd4 {[%emt 0:00:09]} 31. Bxf6 {[%emt 0:00:02]} Qxf6 {[%emt 0:00:21]} 32. e7 {[%emt 0:00:10]} Bd7 {[%emt 0:00:01]} 33. e8=Q+ {[%emt 0:00:01]} Bxe8 {[%emt 0:00:03]} 34. Rxe8+ {[%emt 0:00:01]} Rxe8 {[%emt 0:00:01]} 35. Rxe8+ {[%emt 0:00:01]} Kh7 {[%emt 0:00:01]} 36. Qc2+ {[%emt 0:00:01]} g6 {[%emt 0:00:03]} 37. Bxg6+ {[%emt 0:00:04]} Kg7 {[%emt 0:00:01]} 38. Nh5# {[%emt 0:00:01] (Lag: Av=0.59s, max=0.7s)} 1-0

[Event "448. Wednesday (05.08.2020)"]
[Site "Official B"]
[Date "2020.08.05"]
[Round "1"]
[White "Tvtower68"]
[Black "Königsinder"]
[Result "1-0"]
[WhiteElo "1827"]
[BlackElo "1640"]
[Annotator "NA RC"]
[PlyCount "95"]
[EventDate "2020.08.05"]
[EventType "swiss (blitz)"]
[BlackTeam "SF Barsinghausen"]

{- Serreck, Uwe (1889)} 1. e4 {[%emt 0:00:01]} g6 {[%emt 0:00:01]} 2. Nf3 {[%emt 0:00:02]} Bg7 {[%emt 0:00:01]} 3. d4 {[%emt 0:00:01]} d6 {[%emt 0:00:02]} 4. Bg5 {[%emt 0:00:07]} Nd7 {[%emt 0:00:04]} 5. c3 {[%emt 0:00:02]} h6 {[%emt 0:00:05]} 6. Bh4 {[%emt 0:00:02]} Ngf6 {[%emt 0:00:02]} 7. Bd3 {[%emt 0:00:02]} O-O {[%emt 0:00:04]} 8. h3 {[%emt 0:00:04]} e5 {[%emt 0:00:02]} 9. d5 {[%emt 0:00:02]} g5 {[%emt 0:00:09]} 10. Bg3 {[%emt 0:00:02]} Nh5 {[%emt 0:00:14]} 11. Bh2 {[%emt 0:00:03]} Nf4 {[%emt 0:00:06]} 12. Bxf4 {[%emt 0:00:02]} exf4 {[%emt 0:00:02]} 13. Bc2 {[%emt 0:00:02]} Re8 {[%emt 0:00:07]} 14. Qd3 {[%emt 0:00:06]} Nc5 {[%emt 0:00:05]} 15. Qc4 {[%emt 0:00:09]} Nxe4 {[%emt 0:00:22]} 16. O-O {[%emt 0:00:20]} f5 {[%emt 0:00:34]} 17. Nbd2 {[%emt 0:00:08]} Bd7 {[%emt 0:00:14]} 18. Nxe4 {[%emt 0:00:06]} fxe4 {[%emt 0:00:03]} 19. Bxe4 {[%emt 0:00:01]} b5 {[%emt 0:00:06]} 20. Qd3 {[%emt 0:00:05]} a5 {[%emt 0:00:15]} 21. Nd4 {[%emt 0:00:08]} b4 {[%emt 0:00:11]} 22. Nf5 {[%emt 0:00:26]} Bxf5 {[%emt 0:00:06]} 23. Bxf5 {[%emt 0:00:01]} bxc3 {[%emt 0:00:02]} 24. bxc3 {[%emt 0:00:01]} Qf6 {[%emt 0:00:05]} 25. Be6+ {[%emt 0:00:03]} Kh8 {[%emt 0:00:02]} 26. Rac1 {[%emt 0:00:04]} c6 {[%emt 0:00:18]} 27. c4 {[%emt 0:00:03]} c5 {[%emt 0:00:04]} 28. Rb1 {[%emt 0:00:05]} Rab8 {[%emt 0:00:02]} 29. Rb3 {[%emt 0:00:11]} Rxb3 {[%emt 0:00:05]} 30. Qxb3 {[%emt 0:00:05]} Qc3 {[%emt 0:00:04]} 31. Qb5 {[%emt 0:00:05]} Rd8 {[%emt 0:00:23]} 32. Qb6 {[%emt 0:00:11]} Qf6 {[%emt 0:00:03]} 33. Qxa5 {[%emt 0:00:04]} f3 {[%emt 0:00:01]} 34. gxf3 {[%emt 0:00:05]} Rf8 {[%emt 0:00:03]} 35. Bg4 {[%emt 0:00:02]} Qg6 {[%emt 0:00:05]} 36. Re1 {[%emt 0:00:06]} h5 {[%emt 0:00:02]} 37. Re6 {[%emt 0:00:01]} Qb1+ {[%emt 0:00:06]} 38. Re1 {[%emt 0:00:04]} Qg6 {[%emt 0:00:04] Königsinder bietet Remis} 39. Be6 {[%emt 0:00:08]} Rxf3 {[%emt 0:00:03]} 40. Qd8+ {[%emt 0:00:03]} Kh7 {[%emt 0:00:03]} 41. Qxd6 {[%emt 0:00:02]} Qf6 {[%emt 0:00:07]} 42. Qh2 {[%emt 0:00:12]} Qd4 {[%emt 0:00:07]} 43. Qg2 {[%emt 0:00:03]} g4 {[%emt 0:00:03]} 44. hxg4 {[%emt 0:00:04]} hxg4 {[%emt 0:00:02]} 45. Bxg4 {[%emt 0:00:01]} Rf4 {[%emt 0:00:03]} 46. Bf3 {[%emt 0:00:04]} Be5 {[%emt 0:00:02]} 47. Be4+ {[%emt 0:00:08]} Kh6 {[%emt 0:00:05]} 48. Kh2 {[%emt 0:00:05] Zeit (Lag: Av=0.92s, max=1.8s)} 1-0